[Event "Bunratty Masters op 25th"]
[Site "Bunratty"]
[Date "2018.02.24"]
[Round "2"]
[White "Kennedy, John"]
[Black "Connell, Blair N"]
[Result "0-1"]
[WhiteElo "2102"]
[BlackElo "2234"]
[PlyCount "104"]
[EventDate "2018.02.23"]
[EventType "swiss"]
[EventRounds "6"]
[EventCountry "IRL"]
[SourceTitle "CBM 183 Extra"]
[Source "ChessBase"]
[SourceDate "2018.04.19"]
[SourceVersion "1"]
[SourceVersionDate "2018.04.19"]
[SourceQuality "1"]

1. Nf3 d5 2. g3 c6 3. Bg2 Nf6 4. 0-0 Bg4 5. h3 Bxf3 6. Bxf3 Nbd7 7. d3 e5 8. e4 dxe4 9. dxe4 Nc5 10. Qe2 Ne6 11. c3 Bc5 12. b4 Bb6 13. Rd1 Qe7 14. a4 a5 15. b5 0-0 16. Na3 Rfd8 17. Rxd8+ Rxd8 18. bxc6 bxc6 19. Nc4 Qc7 20. Rb1 Ba7 21. Be3 Nc5 22. Bxc5 Bxc5 23. Qb2 h5 24. Qb7 Qxb7 25. Rxb7 Rd3 26. Rb8+ Kh7 27. Nxe5 Rd2 28. Kf1 Rxf2+ 29. Ke1 Ra2 30. Nxf7 Bf2+ 31. Kd1 Bxg3 32. e5 Rxa4 33. Rc8 Nd5 34. Rxc6 Ne7 35. Ng5+ Kg8 36. Rd6 g6 37. Rd8+ Kg7 38. Ne6+ Kf7 39. Ng5+ Kg7 40. Ne6+ Kh7 41. Nf8+ Kh6 42. Re8 Nf5 43. Re6 Nh4 44. Bc6 Ra1+ 45. Kc2 Re1 46. Nd7 Nf5 47. Re8 Kg5 48. e6 Ng7 49. Ra8 Rxe6 50. Rxa5+ Kh4 51. Nb8 Bxb8 52. Ra4+ Kg3 0-1

[Event "PRO League Stage"]
[Site "Chess.com INT"]
[Date "2018.02.07"]
[Round "5"]
[White "Spoelman, Wouter"]
[Black "Connell, Blair N"]
[Result "1-0"]
[WhiteElo "2578"]
[BlackElo "2234"]
[PlyCount "67"]
[EventDate "2018.01.18"]
[EventType "team-swiss (rapid)"]
[EventRounds "9"]
[EventCountry "USA"]
[SourceTitle "CBM 182 Extra"]
[Source "ChessBase"]
[SourceDate "2018.02.23"]
[SourceVersion "1"]
[SourceVersionDate "2018.02.23"]
[SourceQuality "1"]
[WhiteTeam "Amsterdam Mosquitos"]
[BlackTeam "London Towers"]
[WhiteTeamCountry "NED"]
[BlackTeamCountry "ENG"]

1. c4 c6 2. Nc3 d5 3. e3 e5 4. Nf3 d4 5. Ne4 Nf6 6. Nxf6+ Qxf6 7. exd4 exd4 8. d3 Bb4+ 9. Bd2 Bxd2+ 10. Qxd2 0-0 11. Be2 h6 12. 0-0 Bf5 13. Qf4 c5 14. b4 g5 15. Qg3 cxb4 16. h4 Nc6 17. hxg5 hxg5 18. Nxg5 Qe5 19. Ne4+ Qxg3 20. Nxg3 Bd7 21. Ne4 f5 22. Nc5 Bc8 23. Bf3 Ne5 24. Bd5+ Kg7 25. Rfe1 Kf6 26. Re2 b6 27. Nb3 Rb8 28. Rd1 Bb7 29. Nxd4 Bxd5 30. cxd5 f4 31. Re4 f3 32. gxf3 Rfd8 33. f4 Ng6 34. Nc6 1-0

[Event "PRO League Stage"]
[Site "Chess.com INT"]
[Date "2018.02.03"]
[Round "4"]
[White "Chizhikov, Vladislav"]
[Black "Connell, Blair N"]
[Result "0-1"]
[WhiteElo "2313"]
[BlackElo "2234"]
[PlyCount "108"]
[EventDate "2018.01.18"]
[EventType "team-swiss (rapid)"]
[EventRounds "9"]
[EventCountry "USA"]
[SourceTitle "CBM 182 Extra"]
[Source "ChessBase"]
[SourceDate "2018.02.23"]
[SourceVersion "1"]
[SourceVersionDate "2018.02.23"]
[SourceQuality "1"]
[WhiteTeam "Volga Stormbringers"]
[BlackTeam "London Towers"]
[WhiteTeamCountry "RUS"]
[BlackTeamCountry "ENG"]

1. e4 e5 2. Nf3 Nc6 3. Bc4 Nf6 4. 0-0 Nxe4 5. Nc3 Nxc3 6. dxc3 Be7 7. Qd5 0-0 8. Nxe5 Nxe5 9. Qxe5 Bf6 10. Qg3 d5 11. Bd3 c6 12. Bf4 Be6 13. Rfe1 Qd7 14. Be5 Bxe5 15. Rxe5 f6 16. Qh4 g6 17. Re3 Kg7 18. Rae1 Rae8 19. Qd4 b6 20. Qa4 Bf7 21. f3 Rxe3 22. Rxe3 Re8 23. Rxe8 Bxe8 24. Qf4 Qe7 25. Kf2 Qe5 26. Qe3 Qxe3+ 27. Kxe3 c5 28. h4 h6 29. g3 g5 30. Bf5 Kf7 31. f4 Ke7 32. fxg5 fxg5 33. hxg5 hxg5 34. b4 Kf6 35. g4 Ke5 36. a3 Bc6 37. Bc8 d4+ 38. cxd4+ cxd4+ 39. Kd3 Be4+ 40. Kd2 Kf4 41. Bd7 Bf3 42. Kd3 Bxg4 43. Bc6 Ke5 44. Bg2 Bf5+ 45. Kd2 Be4 46. Bh3 Kf4 47. c4 g4 48. Bf1 g3 49. c5 bxc5 50. bxc5 g2 51. Bxg2 Bxg2 52. Kd3 Ke5 53. Kc4 Bc6 54. Kb4 Ke4 0-1

[Event "PRO League Stage"]
[Site "Chess.com INT"]
[Date "2018.02.03"]
[Round "4"]
[White "Reimanis, Ritvars"]
[Black "Connell, Blair N"]
[Result "1/2-1/2"]
[WhiteElo "2335"]
[BlackElo "2234"]
[PlyCount "103"]
[EventDate "2018.01.18"]
[EventType "team-swiss (rapid)"]
[EventRounds "9"]
[EventCountry "USA"]
[SourceTitle "CBM 182 Extra"]
[Source "ChessBase"]
[SourceDate "2018.02.23"]
[SourceVersion "1"]
[SourceVersionDate "2018.02.23"]
[SourceQuality "1"]
[WhiteTeam "Riga Magicians"]
[BlackTeam "London Towers"]
[WhiteTeamCountry "LAT"]
[BlackTeamCountry "ENG"]

1. d4 d5 2. e3 Nf6 3. f4 c5 4. Nf3 Nc6 5. c3 Bf5 6. Bd3 Bxd3 7. Qxd3 Ne4 8. Nbd2 f5 9. Ne5 Nxd2 10. Bxd2 Nxe5 11. fxe5 e6 12. 0-0 Qd7 13. a4 Be7 14. g4 g6 15. gxf5 gxf5 16. Kh1 c4 17. Qc2 0-0 18. b4 Kh8 19. Rg1 Rg8 20. Rxg8+ Rxg8 21. Be1 Qe8 22. Qe2 Qg6 23. Bg3 Qg4 24. Qxg4 Rxg4 25. Kg2 h5 26. h3 Rg6 27. Kf3 Kg7 28. a5 Kf7 29. Bf4 Ke8 30. b5 Bd8 31. a6 b6 32. Rh1 Kf7 33. Bg3 Be7 34. Ra1 Bd8 35. Bf2 Be7 36. Rg1 Rxg1 37. Bxg1 Kg6 38. Bf2 h4 39. Be1 Kh5 40. Bd2 Bf8 41. Bc1 Be7 42. Bd2 Bf8 43. Be1 Be7 44. Bf2 Bf8 45. Bg1 Be7 46. Bf2 Bf8 47. Ke2 Be7 48. Be1 Bf8 49. Bf2 Be7 50. Be1 Bf8 51. Bf2 Be7 52. Be1 1/2-1/2

[Event "PRO League Stage"]
[Site "Chess.com INT"]
[Date "2018.01.18"]
[Round "1"]
[White "Connell, Blair N"]
[Black "Pavasovic, Dusko"]
[Result "0-1"]
[WhiteElo "2234"]
[BlackElo "2540"]
[PlyCount "134"]
[EventDate "2018.01.18"]
[EventType "team-swiss (rapid)"]
[EventRounds "9"]
[EventCountry "USA"]
[SourceTitle "CBM 182 Extra"]
[Source "ChessBase"]
[SourceDate "2018.02.23"]
[SourceVersion "1"]
[SourceVersionDate "2018.02.23"]
[SourceQuality "1"]
[WhiteTeam "London Towers"]
[BlackTeam "Ljubljana Turtles"]
[WhiteTeamCountry "ENG"]
[BlackTeamCountry "SLO"]

1. e4 e5 2. Nf3 Nc6 3. Bc4 Bc5 4. c3 Nf6 5. d4 exd4 6. cxd4 Bb4+ 7. Bd2 Bxd2+ 8. Nbxd2 d5 9. exd5 Nxd5 10. Qb3 Na5 11. Qa4+ Nc6 12. Qb3 Nce7 13. 0-0 0-0 14. Rfe1 c6 15. Ne4 h6 16. Ne5 Qb6 17. Qxb6 axb6 18. a3 Be6 19. Rac1 Rfd8 20. Red1 Nf4 21. Bf1 Bb3 22. Rd2 Nf5 23. Nf3 Bd5 24. Ng3 Nxg3 25. hxg3 Ne6 26. Bc4 Ra4 27. Bxd5 Rxd5 28. Rcd1 h5 29. Kf1 b5 30. Re2 b4 31. axb4 Rxb4 32. Rdd2 Nxd4 33. Nxd4 Rdxd4 34. Re8+ Kh7 35. Rc2 Rd1+ 36. Re1 Rxe1+ 37. Kxe1 Kg6 38. Kd2 Rb3 39. Kc1 Kf6 40. Rd2 Ke7 41. Re2+ Kd7 42. Rd2+ Kc7 43. Re2 Rd3 44. Kc2 Rd7 45. Re5 g6 46. Kc3 Kd6 47. Re3 Kc5 48. Re5+ Kd6 49. Re3 Re7 50. Rd3+ Kc5 51. Kd2 b5 52. Rf3 f5 53. Rd3 Re6 54. Rc3+ Kb4 55. Rd3 c5 56. Rd8 Kb3 57. Rd5 Kxb2 58. Rxc5 Rd6+ 59. Ke3 b4 60. Rc8 b3 61. Rc7 Kb1 62. Rb7 b2 63. Rb8 Rd5 64. Ke2 Kc2 65. Rc8+ Kb3 66. Rb8+ Kc3 67. Rb7 Rd4 0-1

[Event "BCF-chT1a 1617 (4NCL)"]
[Site "England"]
[Date "2017.03.04"]
[Round "7.17"]
[White "Davey, Mark"]
[Black "Connell, Blair N"]
[Result "1/2-1/2"]
[WhiteElo "2011"]
[BlackElo "2263"]
[PlyCount "130"]
[EventDate "2016.11.19"]
[EventType "team-tourn"]
[EventRounds "7"]
[EventCountry "ENG"]
[SourceTitle "EXT 2018"]
[Source "ChessBase"]
[SourceDate "2017.10.13"]
[SourceVersion "1"]
[SourceVersionDate "2017.10.13"]
[SourceQuality "1"]
[WhiteTeam "Kings Head"]
[BlackTeam "Cheddleton"]
[WhiteTeamCountry "ENG"]
[BlackTeamCountry "ENG"]

1. c4 c6 2. d4 d5 3. Nc3 e5 4. dxe5 d4 5. Ne4 Qa5+ 6. Bd2 Qxe5 7. Ng3 c5 8. Nf3 Qd6 9. e3 Nc6 10. Qb3 Bg4 11. Be2 0-0-0 12. 0-0-0 Nf6 13. exd4 cxd4 14. Be3 Qc5 15. Bd2 h6 16. h3 Be6 17. Rhe1 Bd6 18. Qb5 d3 19. Bxd3 Qxf2 20. Ne4 Nxe4 21. Bxe4 Qc5 22. Qxc5 Bxc5 23. Bxc6 bxc6 24. Ne5 Kb7 25. b4 Bd4 26. Nxf7 Bxf7 27. Re7+ Kb6 28. Rxf7 a5 29. Bf4 Ka6 30. bxa5 Bb2+ 31. Kc2 Rxd1 32. Kxd1 Kxa5 33. Kc2 Bf6 34. Kb3 Re8 35. Bd2+ Ka6 36. Bxh6 Rb8+ 37. Ka4 c5 38. Bxg7 Rb4+ 39. Ka3 Bg5 40. Bb2 Rxc4 41. Rf2 Kb5 42. Kb3 Re4 43. Kc2 Bh4 44. Kd3 Ra4 45. Rc2 Rxa2 46. Be5 Ra3+ 47. Rc3 Ra2 48. g4 Rf2 49. Rb3+ Kc6 50. Kc4 Re2 51. Bb8 Re4+ 52. Kd3 Kd5 53. Rb6 c4+ 54. Kd2 Rd4+ 55. Ke2 c3 56. Rd6+ Ke4 57. Rxd4+ Kxd4 58. Bf4 Ke4 59. Bc1 Bg3 60. Bg5 Be5 61. h4 c2 62. h5 Bb2 63. h6 c1Q 64. Bxc1 Bxc1 65. h7 Bb2 1/2-1/2

[Event "BCF-chT3 0304 (4NCL)"]
[Site "West Bromwich"]
[Date "2004.01.24"]
[Round "3.3"]
[White "Smith, Graham M"]
[Black "Connell, Blair N"]
[Result "1/2-1/2"]
[WhiteElo "2165"]
[BlackElo "2269"]
[PlyCount "44"]
[EventDate "2003.11.23"]
[EventType "team"]
[EventRounds "11"]
[EventCountry "ENG"]
[SourceTitle "EXT 2005"]
[Source "ChessBase"]
[SourceDate "2004.11.15"]
[SourceVersion "1"]
[SourceVersionDate "2004.11.15"]
[SourceQuality "1"]
[WhiteTeam "FCA Solutions"]
[BlackTeam "Hilsmark Kingfisher"]
[WhiteTeamCountry "ENG"]
[BlackTeamCountry "ENG"]

1. e4 d5 2. exd5 Qxd5 3. Nf3 Nf6 4. d4 Bg4 5. Be2 e6 6. 0-0 c6 7. c4 Qd8 8. Be3 Be7 9. Nc3 0-0 10. h3 Bh5 11. Ne5 Bxe2 12. Qxe2 Nbd7 13. f4 Rc8 14. Rad1 Qc7 15. Bf2 Bb4 16. Ne4 Nxe4 17. Qxe4 Be7 18. a3 Nf6 19. Qe2 c5 20. dxc5 Bxc5 21. b4 Bxf2+ 22. Qxf2 a5 1/2-1/2

[Event "BCF-chT4 0203 fin (4NCL)"]
[Site "Telford"]
[Date "2003.05.25"]
[Round "10.2"]
[White "Connell, Blair N"]
[Black "Roberts, Colin J"]
[Result "1-0"]
[WhiteElo "2260"]
[BlackElo "1608"]
[PlyCount "107"]
[EventDate "2003.04.??"]
[EventType "team"]
[EventRounds "3"]
[EventCountry "ENG"]
[SourceTitle "EXT 2004"]
[Source "ChessBase"]
[SourceDate "2003.11.25"]
[SourceVersion "1"]
[SourceVersionDate "2003.11.25"]
[SourceQuality "1"]
[WhiteTeam "Hilsmark Kingfisher"]
[BlackTeam "The ADS III"]
[WhiteTeamCountry "ENG"]
[BlackTeamCountry "ENG"]

1. e4 c6 2. c4 d5 3. exd5 cxd5 4. cxd5 Nf6 5. Nc3 Nxd5 6. Nf3 e6 7. Bc4 Nb6 8. Bb3 Be7 9. 0-0 0-0 10. d4 N8d7 11. Re1 Nf6 12. Bc2 Nbd5 13. Ne5 Qc7 14. Qf3 b6 15. Qh3 Bb7 16. Bg5 g6 17. Qh6 Nxc3 18. bxc3 Nd5 19. Bxe7 Qxe7 20. c4 Nb4 21. Be4 Bxe4 22. Rxe4 f6 23. Nf3 Qf7 24. Qd2 Nc6 25. Rae1 Rfe8 26. Qe2 e5 27. dxe5 Nxe5 28. Nxe5 Rxe5 29. Rxe5 fxe5 30. Qxe5 Qxc4 31. a3 Rc8 32. h4 Rf8 33. h5 Qf7 34. Qg3 Qf5 35. hxg6 Qxg6 36. Qe3 Qf7 37. Rc1 Re8 38. Qg3+ Qg7 39. Qxg7+ Kxg7 40. Rc7+ Kf6 41. Rxh7 Ra8 42. g4 Kg5 43. f3 Kf4 44. Kf2 Rc8 45. Rf7+ Ke5 46. Rxa7 Rc3 47. Kg3 Kd5 48. g5 Ke6 49. Kg4 Ke5 50. f4+ Kd6 51. Kf5 Rc5+ 52. Kf6 Rc3 53. f5 b5 54. g6 1-0